LIBRARY & INFORMATION CENTRE, KCAET, TAVANUR

ONLINE PUBLIC ACCESS CATALOGUE (OPAC)

Physiology of flowering plants / (Record no. 3276)

MARC details
000 -LEADER
fixed length control field 00426cam a2200181ua 4500
020 ## - INTERNATIONAL STANDARD BOOK NUMBER
ISBN 0-7131-2907-7
041 ## - LANGUAGE CODE
Language code of text/sound track or separate title eng
082 ## - DEWEY DECIMAL CLASSIFICATION NUMBER
Classification number 635.9
Item number STR/PH
100 ## - MAIN ENTRY--AUTHOR NAME
Personal name Street, H E .
245 ## - TITLE STATEMENT
Title Physiology of flowering plants /
250 ## - EDITION STATEMENT
Edition statement 3 /
260 ## - PUBLICATION, DISTRIBUTION, ETC. (IMPRINT)
Place of publication :
Name of publisher ELBS ,
Year of publication 1983.
300 ## - PHYSICAL DESCRIPTION
Number of Pages 279 ; .
700 1# - ADDED ENTRY--PERSONAL NAME
Personal name Opic, Helgi .
942 ## - ADDED ENTRY ELEMENTS (KOHA)
Koha item type Books
Holdings
Withdrawn status Lost status Damaged status Home library Current library Date acquired Full call number Accession Number Koha item type
      KAUAET KAUAET 25/03/1987 635.9 16071 Books
free website counter